000
00297nam a22001337a 4500
008
170131b xxu||||| |||| 00| 0 eng d
020
_a
9780766806993
041
_a
eng
080
_2
5TH
_a
61
100
_a
3
101
_a
SHMI
245
_a
HEALTH CARE ECONOMICS
_c
FELDSTEIN, P.J
942
_2
udc
_c
BK
999
_c
4077
_d
4077